<?xml version="1.0" encoding="UTF-8"?>
<record
    xmlns:xsi="http://www.w3.org/2001/XMLSchema-instance"
    xsi:schemaLocation="http://www.loc.gov/MARC21/slim http://www.loc.gov/standards/marcxml/schema/MARC21slim.xsd"
    xmlns="http://www.loc.gov/MARC21/slim">

  <leader>01845nam0a2200385   4500</leader>
  <controlfield tag="001">RU\NLR\BIBL_A\022706781</controlfield>
  <controlfield tag="005">20260324113843.0</controlfield>
  <datafield tag="010" ind1=" " ind2=" ">
    <subfield code="a">978-5-389-23312-6</subfield>
    <subfield code="9">2000</subfield>
  </datafield>
  <datafield tag="021" ind1=" " ind2=" ">
    <subfield code="a">RU</subfield>
    <subfield code="b">&#x41A;&#x41D;-&#x41F;-25-073680</subfield>
    <subfield code="9">&#x41A;&#x41D;-&#x41F;-25-7137</subfield>
  </datafield>
  <datafield tag="035" ind1=" " ind2=" ">
    <subfield code="a">(NLR Aleph) 022706781</subfield>
  </datafield>
  <datafield tag="090" ind1=" " ind2=" ">
    <subfield code="a">13643578</subfield>
    <subfield code="c">13643578</subfield>
  </datafield>
  <datafield tag="100" ind1=" " ind2=" ">
    <subfield code="a">20260122d2025    u  y0rusy50      ca</subfield>
  </datafield>
  <datafield tag="101" ind1="1" ind2=" ">
    <subfield code="a">rus</subfield>
    <subfield code="c">jpn</subfield>
  </datafield>
  <datafield tag="102" ind1=" " ind2=" ">
    <subfield code="a">RU</subfield>
  </datafield>
  <datafield tag="105" ind1=" " ind2=" ">
    <subfield code="a">a   z   000yy</subfield>
  </datafield>
  <datafield tag="181" ind1=" " ind2="0">
    <subfield code="a">i3</subfield>
    <subfield code="b">axxe  </subfield>
  </datafield>
  <datafield tag="182" ind1=" " ind2="0">
    <subfield code="a">n</subfield>
  </datafield>
  <datafield tag="200" ind1="1" ind2=" ">
    <subfield code="a">&#x41A;&#x43D;&#x438;&#x433;&#x430; &#x43F;&#x44F;&#x442;&#x438; &#x43A;&#x43E;&#x43B;&#x435;&#x446;</subfield>
    <subfield code="e">&#x43A;&#x43E;&#x434;&#x435;&#x43A;&#x441; &#x441;&#x430;&#x43C;&#x443;&#x440;&#x430;&#x44F;</subfield>
    <subfield code="f">&#x41C;&#x438;&#x44F;&#x43C;&#x43E;&#x442;&#x43E; &#x41C;&#x443;&#x441;&#x430;&#x441;&#x438;</subfield>
  </datafield>
  <datafield tag="203" ind1=" " ind2=" ">
    <subfield code="a">&#x422;&#x435;&#x43A;&#x441;&#x442;</subfield>
    <subfield code="b">&#x432;&#x438;&#x437;&#x443;&#x430;&#x43B;&#x44C;&#x43D;&#x44B;&#x439;</subfield>
    <subfield code="c">&#x43D;&#x435;&#x43F;&#x43E;&#x441;&#x440;&#x435;&#x434;&#x441;&#x442;&#x432;&#x435;&#x43D;&#x43D;&#x44B;&#x439;</subfield>
  </datafield>
  <datafield tag="210" ind1=" " ind2=" ">
    <subfield code="a">&#x41C;&#x43E;&#x441;&#x43A;&#x432;&#x430;</subfield>
    <subfield code="c">&#x410;&#x437;&#x431;&#x443;&#x43A;&#x430;, &#x41A;&#x43E;&#x41B;&#x438;&#x431;&#x440;&#x438;</subfield>
    <subfield code="d">2025</subfield>
  </datafield>
  <datafield tag="215" ind1=" " ind2=" ">
    <subfield code="a">221, [2] &#x441;.</subfield>
    <subfield code="d">19</subfield>
  </datafield>
  <datafield tag="225" ind1="1" ind2=" ">
    <subfield code="a">&#x421;&#x442;&#x440;&#x430;&#x442;&#x435;&#x433;&#x438;&#x44F; &#x438; &#x432;&#x43B;&#x430;&#x441;&#x442;&#x44C;</subfield>
  </datafield>
  <datafield tag="300" ind1=" " ind2=" ">
    <subfield code="a">&#x41D;&#x430; &#x43E;&#x431;&#x43B;. &#x430;&#x432;&#x442;. &#x43D;&#x435; &#x443;&#x43A;&#x430;&#x437;&#x430;&#x43D;&#x44B;</subfield>
  </datafield>
  <datafield tag="309" ind1=" " ind2=" ">
    <subfield code="a">&#x41A;&#x43D;. &#x432;&#x43B;&#x43E;&#x436;&#x435;&#x43D;&#x430; &#x432; &#x43F;&#x43E;&#x44F;&#x441;&#x43E;&#x43A;</subfield>
  </datafield>
  <datafield tag="333" ind1=" " ind2=" ">
    <subfield code="a">16+</subfield>
  </datafield>
  <datafield tag="423" ind1=" " ind2="0">
    <subfield code="1">2001#$a&#x411;&#x443;&#x434;&#x43E; &#x441;&#x451;&#x441;&#x438;&#x43D;-&#x441;&#x44E;$e[&#x441;&#x431;&#x43E;&#x440;&#x43D;&#x438;&#x43A;]$f&#x414;&#x430;&#x439;&#x434;&#x43E;&#x434;&#x437;&#x438; &#x42E;&#x434;&#x437;&#x430;&#x43D;$g[&#x43A; &#x441;&#x431;&#x43E;&#x440;&#x43D;&#x438;&#x43A;&#x443; &#x432; &#x446;&#x435;&#x43B;&#x43E;&#x43C;]: &#x43F;&#x435;&#x440;&#x435;&#x432;&#x43E;&#x434; &#x441; &#x44F;&#x43F;&#x43E;&#x43D;&#x441;&#x43A;&#x43E;&#x433;&#x43E; &#x410;&#x43D;&#x434;&#x440;&#x435;&#x44F; &#x424;&#x435;&#x441;&#x44E;&#x43D;&#x430;$g&#x441; &#x43F;&#x440;&#x435;&#x434;&#x438;&#x441;&#x43B;&#x43E;&#x432;&#x438;&#x435;&#x43C; &#x410;. &#x41C;. &#x413;&#x43E;&#x440;&#x431;&#x44B;&#x43B;&#x451;&#x432;&#x430;, &#x43A;. &#x438;. &#x43D;., &#x43F;&#x440;&#x435;&#x43F;&#x43E;&#x434;&#x430;&#x432;&#x430;&#x442;&#x435;&#x43B;&#x44F;, &#x434;&#x43E;&#x446;&#x435;&#x43D;&#x442;&#x430;</subfield>
    <subfield code="1">210##$a&#x41C;&#x43E;&#x441;&#x43A;&#x432;&#x430;$d2025</subfield>
    <subfield code="1">215##$a&#x421;. 117-218$c&#x438;&#x43B;.</subfield>
    <subfield code="1">700#1$a&#x414;&#x430;&#x439;&#x434;&#x43E;&#x434;&#x437;&#x438;$b&#x42E;.$f1639-1730$g&#x42E;&#x434;&#x437;&#x430;&#x43D;$3RU\NLR\AUTH\7761194</subfield>
  </datafield>
  <datafield tag="604" ind1=" " ind2=" ">
    <subfield code="1">700#0$a&#x41C;&#x438;&#x44F;&#x43C;&#x43E;&#x442;&#x43E; &#x41C;&#x443;&#x441;&#x430;&#x441;&#x438;$f1584 - 1645</subfield>
    <subfield code="1">50010$a&#x41A;&#x43D;&#x438;&#x433;&#x430; &#x43F;&#x44F;&#x442;&#x438; &#x43A;&#x43E;&#x43B;&#x435;&#x446;$2nlr_sh2$3RU\NLR\AUTH\661379754</subfield>
  </datafield>
  <datafield tag="606" ind1="1" ind2=" ">
    <subfield code="a">&#x411;&#x443;&#x441;&#x438;&#x434;&#x43E;</subfield>
    <subfield code="2">nlr_sh2</subfield>
    <subfield code="3">RU\NLR\AUTH\6601585932</subfield>
  </datafield>
  <datafield tag="686" ind1="1" ind2=" ">
    <subfield code="a">&#x426;1,8(5&#x42F;)2</subfield>
  </datafield>
  <datafield tag="700" ind1=" " ind2="1">
    <subfield code="a">&#x41C;&#x438;&#x44F;&#x43C;&#x43E;&#x442;&#x43E;</subfield>
    <subfield code="b">&#x41C;.</subfield>
    <subfield code="f">1584-1645</subfield>
    <subfield code="g">&#x41C;&#x443;&#x441;&#x430;&#x441;&#x438;</subfield>
    <subfield code="3">RU\NLR\AUTH\779041</subfield>
  </datafield>
  <datafield tag="702" ind1=" " ind2="1">
    <subfield code="a">&#x424;&#x435;&#x441;&#x44E;&#x43D;</subfield>
    <subfield code="b">&#x410;. &#x413;.</subfield>
    <subfield code="f">1957-</subfield>
    <subfield code="g">&#x410;&#x43D;&#x434;&#x440;&#x435;&#x439; &#x413;&#x440;&#x438;&#x433;&#x43E;&#x440;&#x44C;&#x435;&#x432;&#x438;&#x447;</subfield>
    <subfield code="4">730</subfield>
  </datafield>
  <datafield tag="942" ind1=" " ind2=" ">
    <subfield code="c">BOOK</subfield>
  </datafield>
  <datafield tag="980" ind1=" " ind2=" ">
    <subfield code="a">NB</subfield>
  </datafield>
</record>
